000 00553nam a22001217a 4500
999 _c67293
_d67290
100 _aMuswar Ali Farhad
_a18MME03
_aSupervisor - Dr Qadir Bakhsh Jamali
245 _aAnalysis of Mechanical Properties of Medium Carbon Steel Grade SAE 1040 Using Heat Treatment Processes
260 _aNawabshah
_bQUEST
_c2020
300 _a82p.
650 _aHeat Treatment Processes
_aAnalysis of Mechanical Properties
_aMedium Carbon Steel Grade
_aManufacturing Engineering
_aDepartment of Mechanical Engineering
856 _uhttps://tinyurl.com/5ykrevkc
942 _cTHESIS